Statistics for Top 10 Widest U.S. States on the Map

Click here to take the quiz!

General Stats

  • This quiz has been taken 10,235 times
  • The average score is 7 of 10

Answer Stats

miles state km % Correct
813Texas1309
95%
1322Alaska2128
92%
571Montana919
86%
486Tennessee782
78%
460Florida741
73%
482Oklahoma776
70%
459Nebraska739
63%
565California909
62%
434Virginia698
52%
483North Carolina777
46%

Score Distribution

Percentile by Number Answered

Percent of People with Each Score

Your Score History

You have not taken this quiz